000
00396nam a22001697a 4500
003
MPLRDC
005
20220104123355.0
008
210129b ||||| |||| 00| 0 eng d
082
_a
435.8 SM
100
_a
苏明编著
245
_a
树桩盆景百间百答
_c
250
_a
第二版
260
_a
_b
香港得利书局
_c
1985
300
_b
平
650
_a
盆栽
942
_c
BK
_o
435.8 SM
999
_c
10912
_d
10902